| 000 | 00635nam a2200205Ia 4500 | ||
|---|---|---|---|
| 001 | Z_5860 | ||
| 008 | 220601s9999 xx 000 0 und d | ||
| 090 | _aFolleto 745 | ||
| 100 | 1 |
_aSabogal O., Roberto _9101111 |
|
| 245 | _aAlimentación de cerdos con algunos productos y subproductos agroindustriales / Roberto Sabogal o. /y otros/ | ||
| 260 | _aSanta Fé de Bogotá : Produmedios | ||
| 300 | _a44 h. | ||
| 503 | _ac/e | ||
| 650 |
_a1. Ganado porcino - AlimentaciónÌ _9182865 |
||
| 901 | _aFOLLETO 745 | ||
| 902 | _aA | ||
| 905 | _a0000001993 0000000000 00 | ||
| 942 | _c0 | ||
| 999 |
_c217019 _d217019 |
||